00315nam a2200109Ia 4500008004100000100002200041245004300063260000900106300003100115440002400146650003500170180117s9999 xx 000 0 und d aby Voltaire Tayag 4aAnd the Bb. Pilipinas Frontrunners are c2017 a22-24 pages, 2017 March 19 aPhilippine Panorama aBB. PILIPINAS FRONTRUNNERS ARE